000
00330nam a2200145Ia 4500
001
R-1331
003
CODICE-MESSINA
005
20260212102505.0
008
260211s9999 xx 000 0 und d
040
_c
importazione_messina
100
_a
Garci' Lorca
245
0
_a
Tutte Le Poesie
260
_b
Garzanti
942
_2
ddc
_c
BK
999
_c
27831
_d
27831